Normal view
MARC view
- Aguilar García, Francisco Javier
Entry Nombre Personal
001 - NUMERO DE CONTROL
- campo de control: 34568
003 - IDENTIFICADOR DE NUMERO DE CONTROL
- campo de control: UPN
005 - FECHA Y HORA DE LA ÜLTIMA TRANSACCIÓN
- campo de control: 20210219194454.0
008 - DATOS DE LONGITUD FIJA
- campo de control de longitud fija: nabaccnnaabn|||||||||| b |nc|||||d
035 ## - NUMERO DE CONTROL
- Número de control: UPN11000006675
040 ## - FUENTE DE CATALOGACIÓN
- Lenguaje de catalogación: SPA
- Agencia de transcripción: UPN
100 1# - ENCABEZAMIENTO - NOMBRE PERSONAL
- Nombre personal: Aguilar García, Francisco Javier
400 1# - VEÁSE - NOMBRE DE PERSONA
- Personal name: Aguilar García, Javier
670 ## - FUENTE EN LA QUE SE LOCALIZARON DATOS
- Cita de la fuente: T
- Información localizada: Globalización, política neoliberal y tasa sindical
680 ## - NOTA PUBLICA DE ACCESO PÚBLICO
- Frase explicativa de la referencia: Doctor en ciencia política por la UNAM
902 ## - CATALOGADOR
- Catalogador: MCM/111213
